| 000 | 00475cam a2200169 4500 | ||
|---|---|---|---|
| 001 | D3551 | ||
| 008 | 090401t1983 xxu||||| |||| 00| 0 eng d | ||
| 035 | _a(Sirsi) u73739 | ||
| 041 | _aeng | ||
| 050 | _a333.33 | ||
| 245 | _aEstates Times review March 1983. Special feature: industrial property. Historic towns: Durham | ||
| 260 |
_aLondon _bMorgan Grampian (Construction Press) Ltd _c1983 |
||
| 300 | _a90p. ill. 28cm | ||
| 350 | _a2 | ||
| 942 | _n0 | ||
| 948 | _c04/03/1997 | ||
| 999 |
_c95691 _d95691 |
||